Statystyki dla Skoczkowie narciarscy z rekordem życiowym minimum 240 metrów

Kliknij tutaj aby rozwiązać quiz!

Ogólne statystyki

  • Ten quiz został rozwiązany 1 113 razy
    (77 od ostatniego zresetowania)
  • Średni wynik to 28 z 48

Statystyki odpowiedzi

Długość skokuMiejsceRok skokuNarodowość skoczkaSkoczek% Poprawnych
251,5 mPlanica2017PolskaKamil Stoch
98%
248 mPlanica2019PolskaPiotr Żyła
97%
252 m (w zawodach) / 291 m (poza zawodami - WR)Planica (nieoficjalnie Akureyri)2019 (zawody) / 2024 (poza zawodami)JaponiaRyōyū Kobayashi
97%
253,5 m (WR w zawodach)Vikersund2017AustriaStefan Kraft
97%
250 mVikersund2015SłoweniaPeter Prevc
90%
252 mVikersund2017NorwegiaRobert Johansson
90%
245,5 mVikersund2019SłoweniaDomen Prevc
86%
243 mVikersund2024PolskaAleksander Zniszczoł
83%
244,5 mPlanica2020NorwegiaHalvor Egner Granerud
83%
243,5 mPlanica2017NiemcyKarl Geiger
78%
244,5 mVikersund2017PolskaMaciej Kot
78%
247,5 mVikersund2024AustriaDaniel Huber
75%
241,5 mVikersund2017JaponiaNoriaki Kasai
75%
245 mVikersund2022SłoweniaTimi Zajc
75%
244,5 mPlanica2022SłoweniaAnže Lanišek
73%
243,5 mPlanica2018NorwegiaDaniel-André Tande
73%
246 mPlanica2022SłoweniaCene Prevc
71%
245,5 mVikersund2017NorwegiaJohann André Forfang
71%
251,5 mVikersund2015NorwegiaAnders Fannemel
70%
245 mVikersund2017NiemcyAndreas Wellinger
67%
245 mVikersund2015NiemcySeverin Freund
65%
242,5 mPlanica2022JaponiaYukiya Satō
65%
248 mPlanica2017NiemcyMarkus Eisenbichler
62%
243 mVikersund2017JaponiaDaiki Itō
60%
243,5 mVikersund2011AustriaGregor Schlierenzauer
59%
244,5 mVikersund2017Stany ZjednoczoneKevin Bickner
57%
245,5 mPlanica2020AustriaMichael Hayböck
57%
245,5 mPlanica2022NorwegiaMarius Lindvik
56%
249 mVikersund2016NorwegiaAndreas Stjernen
52%
240 mPlanica2023AustriaJan Hörl
52%
244 mPlanica2015SłoweniaJurij Tepeš
52%
244 mVikersund2012SłoweniaRobert Kranjec
51%
243 mVikersund2023AustriaManuel Fettner
49%
243 mPlanica2018NiemcyRichard Freitag
48%
240 mVikersund2016JaponiaTaku Takeuchi
43%
249,5 mPlanica2021SłoweniaBor Pavlovčič
41%
246,5 mVikersund2011NorwegiaJohan Remen Evensen
40%
247,5 mPlanica2018SłoweniaTilen Bartol
40%
240 mVikersund2011FinlandiaJanne Happonen
38%
248,5 mVikersund2016NorwegiaKenneth Gangnes
37%
243 mVikersund2012NorwegiaRune Velta
37%
241,5 mVikersund2011AustriaMartin Koch
35%
241 mPlanica2019SłoweniaAnže Semenič
33%
243,5 mVikersund2022NorwegiaBenjamin Østvold
13%
243 mVikersund2016NorwegiaJoachim Hauer
11%
246 mPlanica2016SłoweniaErnest Prišlič
8%
241 mVikersund2023NorwegiaSondre Ringen
6%
240 mVikersund2023Norwegia*Jarl Magnus Riiber
5%

Rozkład punktacji

Percentyl według liczby udzielonych odpowiedzi

Procent ludzi z każdym wynikiem

Twoja historia wyników

Nie rozwiązałeś tego quizu od ostatniego zresetowania